| 000 | 00907nam a22002297a 4500 | ||
|---|---|---|---|
| 001 | 78926 | ||
| 003 | BD-RjUL | ||
| 005 | 20220104115454.0 | ||
| 008 | 211130s2020 bg ||||| |||| 00| 0 ben d | ||
| 020 |
_a9789849048152 _c: Tk. 300.00 |
||
| 035 | _a(BD-RjUL)79153 | ||
| 040 |
_aBD-RjUL _beng _cBD-RjUL |
||
| 041 | _aben | ||
| 082 |
_223 _a954.9205092 _bMUM 2020 |
||
| 100 |
_aমুস্তাফা, নাসরীন _9250783 |
||
| 245 | 1 | 0 |
_aমহান নেতা বঙ্গবন্ধু / _cনাসরীন মুস্তাফা |
| 260 |
_aঢাকা : _bইত্যাদি গ্রন্থ প্রকাশ, _c২০২০ |
||
| 300 |
_a১১১ পৃ.: _bচিত্রসমূহ; _c২৪ সেমি. |
||
| 600 |
_aমুজিবুর রহমান, _cশেখ, _d১৯২০-১৯৭৫ |
||
| 600 |
_aMujibur Rahman, _cSheikh, _d1920-1975 |
||
| 942 |
_2ddc _cBK |
||
| 999 |
_c78926 _d78926 |
||